| 000 | 01367nam a22002777a 4500 | ||
|---|---|---|---|
| 005 | 2008092209489.0 | ||
| 008 | 080922t xxu||||| |||| 00| f hin d | ||
| 010 | _aHIN-84147 | ||
| 020 | _c190.00 | ||
| 035 | _aHN-56493 | ||
| 037 | _bDBAD / PUB | ||
| 040 |
_aDPL _bHN |
||
| 082 | _aउ | ||
| 100 | _aभैरप्पा, एस. एल. | ||
| 245 |
_aआधार / _cएस. एल. भैरप्पा; बी.आर. नारायण द्वारा अनुदित |
||
| 246 |
_aAadhaara _bby S. L. Bhairppa |
||
| 260 |
_aनयी दिल्ली _bकिताबघर प्रकाशन _c2008 |
||
| 270 |
_a4855-56/24, अंसारी रोड, दरियागंज _bनयी दिल्ली _e110002 |
||
| 300 |
_a240पृ. _c18सेमी(सजिल्द) |
||
| 500 | _aकन्नङ का बहुचर्चित विख्यात उपन्यास | ||
| 650 |
_aकन्नङ कथा साहित्य _xहिन्दी अनुवाद |
||
| 650 |
_aKannada fiction _xTranslations into Hindi |
||
| 700 | _aनारायण, बी.आर. | ||
| 942 |
_2ddc _cHN _hउ _mभैरप्पा |
||
| 999 |
_c15539 _d15539 |
||